000 00364nam a2200145Ia 4500
008 151213s9999 xx 000 0 und d
100 _aP. R. Cateora
245 _aInternational Marketing
_cP. R. Cateora
260 _aNew Delhi
_bMc Grow Hill
_c2005
300 _a4240 p.
650 _aMarketing
650 _aMarketing
700 _aP. R. Cateora
999 _c2664
_d2664